| 000 | 00998nam a2200289 i 4500 | ||
|---|---|---|---|
| 003 | DO-SdBNP | ||
| 005 | 20250610082450.0 | ||
| 007 | ta | ||
| 008 | 221031b2020 dr ||||er ||| 00| 0 spa d | ||
| 020 | _a9789945925173 | ||
| 040 |
_aDO-SdBNP _bspa _cBNPHU _erda |
||
| 082 | 4 |
_222 _bC582s |
|
| 100 |
_aCivolani Hischnjakow, Katerina _964797 |
||
| 245 | 1 | 0 |
_aSeguridad ciudadana y convivencia en República Dominicana : _buna aproximación desde la construcción de paz / _cKaterina Civolani Hischnjakow |
| 264 | 1 |
_aSanto Domingo : _bFundación Friedrich Ebert Stiftung, _c2020. |
|
| 300 |
_a15 páginas _c30 cm. |
||
| 336 |
_2rdacontent _atexto _btxt |
||
| 337 |
_2rdamedia _asin mediación _bn |
||
| 338 |
_2rdacurrier _avolumen _bnc |
||
| 490 | 1 | _aPaz y seguridad ; | |
| 490 | 1 | _aAnálisis ; | |
| 500 | _aIncluye datos biográficos de la autora en la última página. | ||
| 504 | _aBibliografía : p. 14-15 | ||
| 590 | _aInventariado, 2023/ YL | ||
| 910 | _aYLockward | ||
| 942 |
_2ddc _cLF2 |
||
| 999 |
_c54674 _d54674 |
||